000 00582nam a2200229Ia 4500
003 OSt
005 20220924151536.0
006 a|||||r|||| 00| 0
007 ta
008 220923b |||||||| |||| 00| 0 ara d
024 _a338108
037 _cTextual
040 _aARTS
_cARTS
_bara
041 _2ara
_aara
082 _aO28,3:g, K6
100 _aMisri Ibraheem Au.
_9224435
245 0 _aKhalidoon fi al-watan
260 _c1966
650 _aARABIC FICTION
_964594
942 _hO28,3:g, K6
_cTEXL
_2CC
999 _c466900
_d466900